Análisis de estados financieros / (Record no. 8452)

MARC details
000 -LEADER
campo de control de longitud fija 00586nam a2200205 i 4500
001 - NÚMERO DE CONTROL
campo de control 8452
003 - IDENTIFICADOR DE NÚMERO DE CONTROL
campo de control ES-MaACL
005 - FECHA Y HORA DE LA ÚLTIMA TRANSACCIÓN
campo de control 20250830100357.0
007 - CAMPO FIJO DE DESCRIPCIÓN FÍSICA--INFORMACIÓN GENERAL
campo de control de longitud fija t|
008 - DATOS DE LONGITUD FIJA--INFORMACIÓN GENERAL
campo de control de longitud fija 920617s1991 sp ||||1| spa d
020 ## - NÚMERO INTERNACIONAL ESTÁNDAR DEL LIBRO
Número Internacional Estándar del Libro 84-7615-724-X
080 ## - NÚMERO DE LA CLASIFICACIÓN DECIMAL UNIVERSAL
Número de la Clasificación Decimal Universal 657.37
100 1# - ENTRADA PRINCIPAL--NOMBRE DE PERSONA
Nombre de persona Urías Valiente, Jesús.
9 (RLIN) 112155
245 10 - MENCIÓN DEL TÍTULO
Título Análisis de estados financieros /
Mención de responsabilidad, etc. Jesús Urías Valiente.
260 ## - PUBLICACIÓN, DISTRIBUCIÓN, ETC.
Lugar de publicación, distribución, etc. Madrid :
Nombre del editor, distribuidor, etc. McGraw-Hill,
Fecha de publicación, distribución, etc. D.L. 1991.
300 ## - DESCRIPCIÓN FÍSICA
Extensión VIII, 350 p. ;
Dimensiones 24 cm.
650 17 - PUNTO DE ACCESO ADICIONAL DE MATERIA--TÉRMINO DE MATERIA
Término de materia o nombre geográfico como elemento de entrada Estados financieros
Fuente del encabezamiento o término embne
9 (RLIN) 12528
852 ## - LOCALIZACIÓN
Ubicación ES-MaACL
Número de control de estantería L-15851
Sublocalización o colección R.120147
Holdings
Estatus retirado Estado de pérdida Estado de daño No para préstamo Biblioteca de origen Biblioteca actual Ubicación en estantería Fecha de adquisición Fuente de adquisición Total de préstamos Signatura topográfica completa Código de barras Visto por última vez Precio de reemplazo Tipo de ítem Koha
        Biblioteca del Ateneo de Madrid Biblioteca del Ateneo de Madrid Depósito 2 17/01/2008     L-15851 1008631 23/02/2023 23/02/2023 Libro impreso